LDR 00783naa#a2200169#i#450# 001 EN\\bibl\19488 005 20260516094326.6 100 ## _a20260515b2026####ek#y0engy0150####ca 102 ## _aRU 200 1# _aOPTIMIZATION OF THE CONCENTRATION OF A NEW AMINO ACID BIOPREPARATION FOR FOREST NURSERIES USING THE DICHOTOMY METHOD _eConference article/thesis 210 1# _aVoronezh _cFSBE Institution of Higher Education Voronezh State University of Forestry and Technologies named after G.F. Morozov _d2026 215 ## _a5 с. 608 ## _aConference article/thesis _2local 675 ## _aЛесное хозяйство. Лесоводство. 630 _aСельскохозяйственная микробиология. 579.64 _z 700 #1 _aGordienko _gI. M. 700 #1 _aBryndina _gL. V. 856 4# _abibl.vgltu.ru _u